| 000 | 01224nam a2200313 i 4500 | ||
|---|---|---|---|
| 003 | CSPC | ||
| 005 | 20250120114707.0 | ||
| 008 | 250120s2021 nyua b 001 0 eng d | ||
| 020 | _a9781641727990 | ||
| 040 |
_cCSPC _aCSPC _beng _erda |
||
| 050 | 0 | 4 | _aTX739 |
| 082 | 0 | 4 |
_a641.568 _bP442c _223 |
| 100 | 1 |
_aPeterson, Ana, _eauthor. |
|
| 245 | 1 | 0 |
_aCooking and baking for holidays and special occasions / _cAna Peterson. |
| 264 | 3 | 1 |
_aNew York, NY : _bLarsen & Keller, _c2021. |
| 300 |
_aviii, 235 pages : _bcolor illustrations ; _c27 cm. |
||
| 336 |
_atext _2rdacontent |
||
| 337 |
_aunmediated _2rdamedia |
||
| 338 |
_avolume _2rdacarrier |
||
| 500 | _aIncludes index. | ||
| 505 | 0 | _aSpecific food for holidays and special occasions -- Christmas cooking and baking -- Recipes for birthday party -- Thanksgiving dinner -- Valentine's day: recipes and dessert. | |
| 650 | 0 | _aHoliday cooking. | |
| 650 | 0 | _aBaking. | |
| 650 | 0 |
_aHoliday cooking _vvocational guidance. |
|
| 650 | 0 |
_aBaking _vVocational guidance. |
|
| 650 | 0 | _aDo-it-yourself work. | |
| 942 |
_2ddc _n0 _cBK _h641.568 _iP442c _kCIR _m2021 _e23 |
||
| 999 |
_c28638 _d28638 |
||